| 000 | 01443nam a2200349 a 4500 | ||
|---|---|---|---|
| 999 |
_c116407 _d116407 |
||
| 003 | BLK | ||
| 005 | 20240926004019.0 | ||
| 008 | 180409b bul|||||r ||||||| ||bul|| | ||
| 010 | _aKNG00121948000 | ||
| 020 | _a954-406-004-9 | ||
| 040 | _aBLK | ||
| 041 |
_aBUL _cBUL |
||
| 080 |
_aБългарска литература _b821.163.2 _x-93-1 _z821.163.2-93-1 |
||
| 100 | 1 |
_aСтоевски, Димитър _eпърви автор _gПсевд. на Димчо Стоев Чолаков _qЧолаков, Димчо Стоев _9124880 |
|
| 139 |
_aСтоевски, Димитър _bС 77 |
||
| 245 | 1 | 0 |
_aВеселите футболисти _bПриказка в стихове _cДимитър Стоевски; ил. Вадим Вадимович Лазаркевич. |
| 250 | _a2. изд. | ||
| 257 | _aBGR | ||
| 260 |
_bBi Art _c1992 _aСофия |
||
| 300 |
_a16 с. _bс цв. ил. _c32 см |
||
| 380 | _aDX | ||
| 490 |
_aБиблиотека Любими детски илюстратори _9204993 |
||
| 500 | _a1. изд. 1956 на изд. Бълг. художник . | ||
| 852 | _aЦБ ІІ 8992 | ||
| 856 | 4 | _qpdf | |
| 856 | 4 | _qpdf | |
| 942 |
_cKNG _n0 _s1 |
||
| 944 |
_aCR _c15.03.2011 _lCRON CRON _k |
||
| 944 |
_aED _c17.12.2014 _lдобави в АБ / 14.03.2011 _kВиолета_Тройчева |
||
| 944 |
_aED _c2021-01-21 _kВК |
||
| 999 | _d116407 | ||